Europei 2024 - Rosa nazionale: Inghilterra - Statistics

Statistiche generali
  • Questo quiz è stato fatto 31 volte
  • Il punteggio medio è 12 su 27
Statistiche sulle risposte
# Ruolo Giocatore % Corretto
9 A Harry Kane
93%
1 P Jordan Pickford
93%
10 CC Jude Bellingham
76%
11 C Phil Foden
72%
2 D Kyle Walker
69%
7 A Bukayo Saka
62%
- Allenatore Gareth Southgate
62%
24 C Cole Palmer
59%
4 C Declan Rice
59%
5 D John Stones
59%
8 D Trent Alexander-Arnold
55%
3 D Luke Shaw
48%
23 P Dean Henderson
45%
12 D Kieran Trippier
41%
19 A Ollie Watkins
41%
13 P Aaron Ramsdale
38%
6 D Marc Guéhi
31%
26 C Kobbie Mainoo
24%
16 C Conor Gallagher
21%
17 A Ivan Toney
21%
20 A Jarrod Bowen
17%
22 D Joe Gomez
17%
25 C Adam Wharton
14%
18 A Anthony Gordon
14%
14 D Ezri Konsa
14%
21 A Eberechi Eze
7%
15 D Lewis Dunk
3%
Nessun quiz corrispondente trovato
Distribuzione punteggi
Percentuale di utenti per punteggio
Percentile per numero di risposta
I tuoi punteggi nel tempo
Non hai fatto questo quiz